[Event "Teplice Open 2019"]
[Site "Teplice"]
[Date "2019.06.17"]
[Round "3.10"]
[White "Ahlander, Bjorn"]
[Black "Vorobiov, Evgeny E."]
[Result "0-1"]
[WhiteElo "2421"]
[BlackElo "2556"]
[Annotator "TA"]
[PlyCount "116"]
[EventDate "2019.06.15"]
[EventType "swiss"]
[EventCountry "CZE"]
[SourceTitle "playchess.com"]
[Source "ChessBase"]
[SourceQuality "1"]

{[%evp 9,116,27,57,19,11,14,27,20,24,30,19,17,27,24,13,19,21,17,33,-17,-15,-13,-27,-22,-26,-28,-23,-23,-26,-24,-16,-32,-30,-30,-30,-30,-32,-40,-43,-42,-37,-50,-50,-108,-111,-110,-112,-104,-101,-103,-79,-160,-159,-144,-156,-179,-182,-337,-327,-383,-387,-407,-407,-508,-486,-687,-541,-1171,-869,-861,-861,-862,-859,-863,-644,-856,-854,-836,-832,-817,-796,-824,-809,-1791,-1636,-29950,-29954,-29961,-1563,-892,0,-29959,-29961,-29962,-29963,-29965,-29966,-29965,-29964,-29966,-29964,-29962,-29954,-29960,-29959,-12835,-12693,-6079,-5097]} 1. d4 d5 2. c4 dxc4 3. e4 e5 4. Nf3 Bb4+ 5. Nc3 Nf6 6. Bxc4 {D20: Queen's Gambit Accepted: 3 e3 and 3 e4} exd4 7. Nxd4 {Qa4+ is the strong threat.} O-O 8. f3 {White has an edge.} (8. O-O Bxc3 9. bxc3 Nxe4 10. Ba3 Nd6 11. Nb5 Nxc4 12. Bxf8 Qxf8 13. Nxc7 {½-½ (40) Van Wely,L (2674)-Van Foreest,J (2640) Amsterdam 2018}) 8... Qe7 9. Be3 c5 10. Nc2 Rd8 11. Qe2 Bxc3+ 12. bxc3 Nc6 13. O-O Ne5 14. Rfd1 Rxd1+ $1 15. Rxd1 Nxe4 $146 ({Predecessor:} 15... Nxc4 16. Qxc4 {0-1 (50) Matveeva,S (2415)-Korbut,E (2435) Gorodets 2006}) 16. Bf4 ({Don't go for} 16. fxe4 $2 Bg4 $19) 16... Nxc4 17. Qxc4 Nf6 18. Bd6 {[%mdl 64] Double Attack} Qe8 19. Bxc5 Be6 20. Qe2 b6 $36 {[%mdl 2048] Black has some pressure.} 21. Bd4 Bxa2 22. Qxe8+ Nxe8 23. Ra1 $1 {[%cal Ra1a2]} Bd5 24. Ne3 Bb7 25. Nf5 h5 26. g4 ({White should try} 26. Kf2 $15) 26... Bxf3 $17 27. gxh5 Kh7 ({Don't play} 27... Bxh5 $6 28. Bxb6 $1 {[%mdl 512]} g6 29. Ne7+ Kg7 30. Kf2 $11) 28. Kf2 Be4 29. Ng3 Bc6 30. Re1 ({Better is} 30. Nf5) 30... Nd6 31. Re7 a5 $1 {[%cal Ba7a5,Ba5a4,Ba4a3,Ba3a2][%mdl 32]} 32. h6 Kxh6 33. Be5 $2 (33. Rc7 {might work better.} Bb5 34. c4 Nxc4 35. Rxf7) 33... Nc4 $19 34. Bf4+ Kg6 35. Rc7 Bd5 36. h4 a4 {White must now prevent ...a3.} 37. h5+ (37. Rd7 $142 Ra5 38. h5+ Kf6 39. Ne2) 37... Kh7 {Strongly threatening ...a3.} 38. Ne4 Bxe4 39. Rxc4 {[%mdl 4096] Endgame KRB-KRB} a3 40. Bc1 Bd5 41. Rd4 Be6 42. Rd1 a2 43. Bb2 Bc4 44. Kg3 b5 45. Kf4 Re8 46. Rg1 Re2 47. Ba3 Rf2+ 48. Kg3 Rc2 (48... Rf1 $142 49. Rxf1 Bxf1 50. Bb2 Kh6 51. Kh4 Be2 52. Bc1+ g5+ $1 {[%mdl 512]} 53. hxg6+ Kxg6 54. Bb2 Kf5 55. Kg3 Ke4 56. Ba1 Kd3 57. Kh3 Kc2 58. c4 bxc4 59. Kg2 c3 60. Kg3 Kd3 61. Kf4 c2 62. Bb2 c1=B+ $1 {[%mdl 576] Deflection, Promotion} 63. Bxc1 a1=Q 64. Kf5 Qg7 65. Bg5 Qg6+ 66. Kf4 Qe4+ 67. Kg3 Qg4+ {[%mdl 64] Double Attack} 68. Kf2 Qxg5 69. Ke1 Qh4#) 49. Kf4 {[#]} Rf2+ (49... b4 $1 $19 50. cxb4 (50. Bxb4 Rf2+) 50... Rf2+ 51. Kg3 Bf1 52. Kxf2 a1=Q 53. Rxf1 Qxa3) 50. Kg3 $1 {[%cal Rg3f2]} Rf1 51. Rxf1 Bxf1 {KB-KB} 52. Bb2 Bc4 53. Kg4 Kg8 54. Kg5 f6+ 55. Kg4 Kf7 56. Kf5 Be2 57. h6 g6+ 58. Kf4 Bc4 {Accuracy: White = 33%, Black = 84%.} 0-1

[Event "Teplice Open 2019"]
[Site "Teplice"]
[Date "2019.06.17"]
[Round "3.11"]
[White "Handler, Lukas"]
[Black "Babula, Vlastimil"]
[Result "0-1"]
[WhiteElo "2418"]
[BlackElo "2550"]
[Annotator "ChessBase"]
[PlyCount "82"]
[EventDate "2019.06.15"]
[EventType "swiss"]
[EventCountry "CZE"]
[SourceTitle "playchess.com"]
[Source "ChessBase"]
[SourceQuality "1"]
[TimeControl "40/5400+30:1800+30"]

1. d4 {[%emt 0:00:00]} Nf6 {[%emt 0:00:00]} 2. c4 {[%emt 0:00:00]} e6 {[%emt 0:00:00]} 3. Nf3 {[%emt 0:00:00]} b6 {[%emt 0:00:10]} 4. g3 {[%emt 0:00:00]} Ba6 {[%emt 0:00:20]} 5. Qc2 {[%emt 0:00:11]} c5 {[%emt 0:01:31]} 6. d5 {[%emt 0:00:24]} exd5 {[%emt 0:00:00]} 7. cxd5 {[%emt 0:00:07]} g6 {[%emt 0:00:08]} 8. Bg2 {[%emt 0:02:05]} Bg7 {[%emt 0:00:28]} 9. O-O {[%emt 0:00:53]} O-O {[%emt 0:00:34]} 10. Nc3 {[%emt 0:01:31]} d6 {[%emt 0:03:43]} 11. a4 {[%emt 0:02:52]} Re8 {[%emt 0:02:08]} 12. Re1 {[%emt 0:00:38]} Bb7 {[%emt 0:01:38]} 13. e4 {[%emt 0:01:02]} Na6 {[%emt 0:00:15]} 14. Bf4 {[%emt 0:02:51]} Nh5 {[%emt 0:07:10]} 15. Bg5 {[%emt 0:04:52]} Qd7 {[%emt 0:01:23]} 16. h3 {[%emt 0:14:14]} h6 {[%emt 0:08:34]} 17. Be3 {[%emt 0:02:51]} Nf6 {[%emt 0:00:59]} 18. Rad1 {[%emt 0:15:48]} Nb4 {[%emt 0:02:33]} 19. Qb1 {[%emt 0:00:30]} Ba6 {[%emt 0:08:48]} 20. Bf4 {[%emt 0:07:49]} Rad8 {[%emt 0:09:38]} 21. e5 {[%emt 0:12:01]} Nh5 {[%emt 0:02:59]} 22. e6 {[%emt 0:00:29]} Qe7 {[%emt 0:27:13]} 23. Bc1 {[%emt 0:03:13]} c4 {[%emt 0:02:11]} 24. Nd4 {[%emt 0:09:16]} Bb7 {[%emt 0:03:18]} 25. Be4 {[%emt 0:05:21]} f5 {[%emt 0:05:44]} 26. Bf3 {[%emt 0:01:40]} Nf6 {[%emt 0:00:09]} 27. Nde2 {[%emt 0:00:41]} Nh7 {[%emt 0:06:29]} 28. Be3 {[%emt 0:06:22]} Nd3 {[%emt 0:02:10]} 29. Rxd3 {[%emt 0:00:25]} cxd3 {[%emt 0:00:02]} 30. Qxd3 {[%emt 0:00:08]} Rc8 {[%emt 0:00:14]} 31. h4 {[%emt 0:01:03]} Nf8 {[%emt 0:01:14]} 32. h5 {[%emt 0:00:30]} Nxe6 {[%emt 0:00:21]} 33. hxg6 {[%emt 0:02:47]} Ng5 {[%emt 0:00:52]} 34. Bg2 {[%emt 0:00:37]} Ne4 {[%emt 0:00:51]} 35. Bh3 {[%emt 0:01:52]} Qf6 {[%emt 0:01:19]} 36. Nb5 {[%emt 0:00:56]} Qxg6 {[%emt 0:01:10]} 37. Nf4 {[%emt 0:00:42]} Qf7 {[%emt 0:00:18]} 38. f3 {[%emt 0:01:37]} Ng5 {[%emt 0:01:11]} 39. Bxf5 {[%emt 0:00:28]} Nxf3+ {[%emt 0:00:52]} 40. Kh1 {[%emt 0:00:37]} Nxe1 {[%emt 0:00:38]} 41. Bh7+ {[%emt 0:02:03]} Kh8 {[%emt 0:02:41]} 0-1

[Event "Teplice Open 2019"]
[Site "Teplice"]
[Date "2019.06.17"]
[Round "3.12"]
[White "Plat, Vojtech"]
[Black "Siddharth, Jagadeesh"]
[Result "1-0"]
[WhiteElo "2547"]
[BlackElo "2416"]
[Annotator "ChessBase"]
[PlyCount "87"]
[EventDate "2019.06.15"]
[EventType "swiss"]
[EventCountry "CZE"]
[SourceTitle "playchess.com"]
[Source "ChessBase"]
[SourceQuality "1"]
[TimeControl "40/5400+30:1800+30"]

1. b3 {[%emt 0:00:00]} Nf6 {[%emt 0:00:18]} 2. Bb2 {[%emt 0:00:00]} e6 {[%emt 0:00:07]} 3. Nf3 {[%emt 0:00:14]} d5 {[%emt 0:00:17]} 4. e3 {[%emt 0:00:06]} Be7 {[%emt 0:00:24]} 5. c4 {[%emt 0:00:12]} O-O {[%emt 0:00:09]} 6. Nc3 {[%emt 0:00:22]} b6 {[%emt 0:00:08]} 7. Rc1 {[%emt 0:01:34]} Bb7 {[%emt 0:00:08]} 8. Be2 {[%emt 0:00:58]} Nbd7 {[%emt 0:00:28]} 9. O-O {[%emt 0:00:45]} a6 {[%emt 0:00:24]} 10. Qc2 {[%emt 0:06:05]} Bd6 {[%emt 0:00:17]} 11. d4 {[%emt 0:02:26]} Qe7 {[%emt 0:00:20]} 12. Nd2 {[%emt 0:03:53]} c5 {[%emt 0:04:04]} 13. Bf3 {[%emt 0:07:23]} Rac8 {[%emt 0:17:35]} 14. Rfe1 {[%emt 0:08:42]} b5 {[%emt 0:15:56]} 15. dxc5 {[%emt 0:05:14]} Bxc5 {[%emt 0:10:46]} 16. cxd5 {[%emt 0:03:27]} exd5 {[%emt 0:00:45]} 17. Qf5 {[%emt 0:03:05]} Qe6 {[%emt 0:01:10]} 18. Qb1 {[%emt 0:04:16]} Rfe8 {[%emt 0:03:23]} 19. Ne2 {[%emt 0:09:56]} Ne4 {[%emt 0:03:09]} 20. Nxe4 {[%emt 0:07:28]} dxe4 {[%emt 0:00:09]} 21. Nf4 {[%emt 0:00:01]} Qe7 {[%emt 0:06:54]} 22. Bg4 {[%emt 0:00:45]} Rcd8 {[%emt 0:00:55]} 23. Red1 {[%emt 0:13:29]} Ne5 {[%emt 0:01:21]} 24. Bf5 {[%emt 0:03:32]} Ng6 {[%emt 0:04:51]} 25. Rxd8 {[%emt 0:03:58]} Rxd8 {[%emt 0:00:01]} 26. Nh5 {[%emt 0:00:19]} f6 {[%emt 0:01:28]} 27. Ng3 {[%emt 0:00:29]} Rd2 {[%emt 0:02:23]} 28. Bc3 {[%emt 0:00:43]} Rd8 {[%emt 0:01:28]} 29. Bxe4 {[%emt 0:05:34]} Bxe4 {[%emt 0:01:12]} 30. Nxe4 {[%emt 0:00:04]} Ba3 {[%emt 0:01:48]} 31. Rf1 {[%emt 0:00:07]} Ne5 {[%emt 0:01:14]} 32. Rd1 {[%emt 0:01:12]} Nc6 {[%emt 0:00:08]} 33. Ng3 {[%emt 0:00:41]} Bb4 {[%emt 0:00:58]} 34. Rxd8+ {[%emt 0:01:18]} Qxd8 {[%emt 0:00:01]} 35. Qe4 {[%emt 0:00:21]} Bxc3 {[%emt 0:00:35]} 36. Qxc6 {[%emt 0:00:09]} Be5 {[%emt 0:00:01]} 37. Nf1 {[%emt 0:00:42]} a5 {[%emt 0:01:01]} 38. Qxb5 {[%emt 0:00:06]} h5 {[%emt 0:00:19]} 39. Qe2 {[%emt 0:00:07]} g6 {[%emt 0:00:17]} 40. g3 {[%emt 0:01:39]} Qd5 {[%emt 0:00:21]} 41. Qc4 {[%emt 0:31:01]} Qxc4 {[%emt 0:30:09]} 42. bxc4 {[%emt 0:00:00]} Bc3 {[%emt 0:00:28]} 43. f3 {[%emt 0:02:13]} Be1 {[%emt 0:00:09]} 44. e4 {[%emt 0:00:15]} 1-0

[Event "Teplice Open 2019"]
[Site "Teplice"]
[Date "2019.06.17"]
[Round "3.13"]
[White "Kostolansky, Sebastian Lukas"]
[Black "Shevchenko, Kirill"]
[Result "1/2-1/2"]
[WhiteElo "2379"]
[BlackElo "2539"]
[Annotator "ChessBase"]
[PlyCount "80"]
[EventDate "2019.06.15"]
[EventType "swiss"]
[EventCountry "CZE"]
[SourceTitle "playchess.com"]
[Source "ChessBase"]
[SourceQuality "1"]
[TimeControl "40/5400+30:1800+30"]

1. e4 {[%emt 0:00:00]} c5 {[%emt 0:00:00]} 2. Nf3 {[%emt 0:00:00]} d6 {[%emt 0:00:00]} 3. c3 {[%emt 0:00:00]} Nf6 {[%emt 0:00:00]} 4. h3 {[%emt 0:00:00]} Bd7 {[%emt 0:00:00]} 5. Bd3 {[%emt 0:01:38]} Bc6 {[%emt 0:00:00]} 6. Qe2 {[%emt 0:00:46]} Nh5 {[%emt 0:00:03]} 7. Bc2 {[%emt 0:06:11]} Nf4 {[%emt 0:05:27]} 8. Qf1 {[%emt 0:05:13]} d5 {[%emt 0:02:38]} 9. d3 {[%emt 0:04:48]} dxe4 {[%emt 0:11:06]} 10. dxe4 {[%emt 0:00:46]} Qc7 {[%emt 0:01:20]} 11. Bxf4 {[%emt 0:06:02]} Qxf4 {[%emt 0:00:06]} 12. Nbd2 {[%emt 0:02:08]} Nd7 {[%emt 0:21:16]} 13. Qe2 {[%emt 0:01:36]} Ne5 {[%emt 0:14:09]} 14. Nxe5 {[%emt 0:00:30]} Qxe5 {[%emt 0:00:30]} 15. O-O {[%emt 0:04:27]} e6 {[%emt 0:10:38]} 16. f4 {[%emt 0:02:42]} Qc7 {[%emt 0:00:07]} 17. f5 {[%emt 0:12:08]} O-O-O {[%emt 0:05:05]} 18. fxe6 {[%emt 0:00:00]} fxe6 {[%emt 0:00:05]} 19. Bb3 {[%emt 0:06:18]} Kb8 {[%emt 0:11:04]} 20. Bxe6 {[%emt 0:15:55]} Qe5 {[%emt 0:02:59]} 21. Bc4 {[%emt 0:00:07]} Bd6 {[%emt 0:03:07]} 22. Nf3 {[%emt 0:00:07]} Qg3 {[%emt 0:00:13]} 23. Bb5 {[%emt 0:06:17]} Bxb5 {[%emt 0:01:37]} 24. Qxb5 {[%emt 0:00:06]} g5 {[%emt 0:09:32]} 25. e5 {[%emt 0:08:07]} Bc7 {[%emt 0:04:33]} 26. Qe2 {[%emt 0:04:55]} h5 {[%emt 0:00:00]} 27. Qe1 {[%emt 0:01:25]} Qf4 {[%emt 0:00:00]} 28. Nd4 {[%emt 0:05:14]} Qxe5 {[%emt 0:00:00]} 29. Qxe5 {[%emt 0:00:30]} Bxe5 {[%emt 0:00:00]} 30. Ne6 {[%emt 0:00:16]} Rd2 {[%emt 0:00:00]} 31. Rf5 {[%emt 0:06:37]} Bg3 {[%emt 0:00:00]} 32. Raf1 {[%emt 0:00:13]} b6 {[%emt 0:00:00]} 33. Rxg5 {[%emt 0:01:27]} h4 34. b4 {[%emt 0:00:00]} Re8 {[%emt 0:00:43]} 35. Nf4 {[%emt 0:00:27]} Re4 {[%emt 0:00:37]} 36. Nh5 {[%emt 0:00:29]} Ree2 {[%emt 0:00:13]} 37. Rf8+ {[%emt 0:00:34]} Kb7 {[%emt 0:00:30]} 38. Nxg3 {[%emt 0:00:04]} Rxg2+ {[%emt 0:00:02]} 39. Kf1 {[%emt 0:00:12]} hxg3 {[%emt 0:00:44]} 40. b5 {[%emt 0:00:15]} Rgf2+ {[%emt 0:00:41]} 1/2-1/2

[Event "Teplice Open 2019"]
[Site "Teplice"]
[Date "2019.06.17"]
[Round "3.14"]
[White "Krishna, Teja N."]
[Black "Ali Marandi, Cemil Can"]
[Result "1-0"]
[WhiteElo "2357"]
[BlackElo "2520"]
[Annotator "ChessBase"]
[PlyCount "69"]
[EventDate "2019.06.15"]
[EventType "swiss"]
[EventCountry "CZE"]
[SourceTitle "playchess.com"]
[Source "ChessBase"]
[SourceQuality "1"]
[TimeControl "40/5400+30:1800+30"]

1. d4 {[%emt 0:00:00]} e6 {[%emt 0:00:00]} 2. c4 {[%emt 0:00:11]} g6 {[%emt 0:00:00]} 3. Nc3 {[%emt 0:01:19]} Bg7 {[%emt 0:02:50]} 4. Nf3 {[%emt 0:00:38]} Ne7 {[%emt 0:00:20]} 5. h4 {[%emt 0:02:33]} h6 {[%emt 0:00:26]} 6. Bf4 {[%emt 0:01:16]} d5 {[%emt 0:01:37]} 7. Rc1 {[%emt 0:07:52]} dxc4 {[%emt 0:08:19]} 8. e4 {[%emt 0:00:44]} a6 {[%emt 0:00:14]} 9. Bxc4 {[%emt 0:06:50]} b5 {[%emt 0:03:29]} 10. Bb3 {[%emt 0:00:06]} Bb7 {[%emt 0:00:31]} 11. Be5 {[%emt 0:03:05]} Bxe5 {[%emt 0:03:09]} 12. Nxe5 {[%emt 0:00:14]} Nd7 {[%emt 0:00:16]} 13. Nd3 {[%emt 0:03:23]} h5 {[%emt 0:23:49]} 14. Qf3 {[%emt 0:15:21]} O-O {[%emt 0:08:38]} 15. Qf4 {[%emt 0:06:42]} Nc6 {[%emt 0:06:05]} 16. Ne2 {[%emt 0:00:58]} Na5 {[%emt 0:00:15]} 17. f3 {[%emt 0:06:05]} Rc8 {[%emt 0:04:59]} 18. Nc5 {[%emt 0:05:38]} Qe7 19. Nxd7 {[%emt 0:03:28]} Qxd7 {[%emt 0:00:21]} 20. Rc5 {[%emt 0:13:27]} Kh7 {[%emt 0:02:30]} 21. g4 {[%emt 0:01:00]} Nc6 {[%emt 0:09:40]} 22. Qf6 {[%emt 0:00:41]} Qd8 {[%emt 0:01:50]} 23. Qxd8 {[%emt 0:00:21]} Rfxd8 {[%emt 0:00:14]} 24. gxh5 {[%emt 0:00:13]} Nxd4 {[%emt 0:00:12]} 25. Nxd4 {[%emt 0:00:00]} Rxd4 {[%emt 0:00:02]} 26. Rg1 {[%emt 0:00:00]} c6 {[%emt 0:11:57]} 27. hxg6+ {[%emt 0:00:00]} fxg6 {[%emt 0:00:01]} 28. h5 {[%emt 0:00:00]} Rf8 {[%emt 0:00:31]} 29. hxg6+ {[%emt 0:00:00]} Kg7 {[%emt 0:00:02]} 30. Rh5 {[%emt 0:00:08]} Bc8 {[%emt 0:00:10]} 31. Rh7+ {[%emt 0:00:20]} Kf6 {[%emt 0:00:12]} 32. Rg4 {[%emt 0:02:23]} Rdd8 {[%emt 0:03:43]} 33. f4 {[%emt 0:02:15]} c5 {[%emt 0:01:07]} 34. Rg5 {[%emt 0:01:00]} e5 {[%emt 0:00:32]} 35. g7 {[%emt 0:00:22]} 1-0

[Event "Teplice Open 2019"]
[Site "Teplice"]
[Date "2019.06.17"]
[Round "3.15"]
[White "Greenfeld, Alon"]
[Black "Paszewski, Mateusz"]
[Result "1-0"]
[WhiteElo "2513"]
[BlackElo "2346"]
[Annotator "ChessBase"]
[PlyCount "63"]
[EventDate "2019.06.15"]
[EventType "swiss"]
[EventCountry "CZE"]
[SourceTitle "playchess.com"]
[Source "ChessBase"]
[SourceQuality "1"]
[TimeControl "40/5400+30:1800+30"]

1. d4 {[%emt 0:00:51]} d5 {[%emt 0:00:00]} 2. c4 {[%emt 0:01:02]} c6 {[%emt 0:00:00]} 3. Nf3 {[%emt 0:00:36]} Nf6 {[%emt 0:00:00]} 4. Nc3 {[%emt 0:01:22]} e6 {[%emt 0:02:32]} 5. e3 {[%emt 0:01:06]} Nbd7 {[%emt 0:00:06]} 6. Bd3 {[%emt 0:00:57]} dxc4 {[%emt 0:00:04]} 7. Bxc4 {[%emt 0:00:07]} b5 {[%emt 0:00:03]} 8. Bd3 {[%emt 0:00:50]} a6 {[%emt 0:00:04]} 9. e4 {[%emt 0:03:09]} c5 {[%emt 0:01:28]} 10. d5 {[%emt 0:00:48]} c4 {[%emt 0:05:08]} 11. dxe6 {[%emt 0:03:14]} fxe6 {[%emt 0:00:45]} 12. Bc2 {[%emt 0:00:20]} Qc7 {[%emt 0:01:57]} 13. O-O {[%emt 0:06:20]} Bb7 {[%emt 0:00:40]} 14. Ne2 {[%emt 0:01:39]} Bd6 {[%emt 0:16:40]} 15. Ned4 {[%emt 0:01:53]} Nc5 {[%emt 0:02:53]} 16. b4 {[%emt 0:03:15]} Ncxe4 {[%emt 0:05:56]} 17. Nxe6 {[%emt 0:02:19]} Qd7 {[%emt 0:02:17]} 18. Bxe4 {[%emt 0:02:20]} Bxe4 {[%emt 0:43:56]} 19. Nxg7+ {[%emt 0:01:49]} Qxg7 {[%emt 0:00:29]} 20. Qxd6 {[%emt 0:00:08]} Bxf3 {[%emt 0:00:19]} 21. Re1+ {[%emt 0:00:11]} Ne4 {[%emt 0:00:25]} 22. Qc6+ {[%emt 0:39:45]} Kf7 {[%emt 0:02:12]} 23. Qd5+ {[%emt 0:00:48]} Kg6 {[%emt 0:02:01]} 24. gxf3 {[%emt 0:00:25]} Rhg8 {[%emt 0:08:00]} 25. fxe4 {[%emt 0:01:57]} Qxa1 {[%emt 0:01:03]} 26. Kh1 {[%emt 0:00:16]} Qc3 {[%emt 0:01:55]} 27. Rg1+ {[%emt 0:01:54]} Kf6 {[%emt 0:00:06]} 28. Bg5+ {[%emt 0:01:55]} Rxg5 {[%emt 0:00:06]} 29. Qxg5+ {[%emt 0:00:05]} Ke6 {[%emt 0:00:45]} 30. Qd5+ {[%emt 0:00:22]} Kf6 {[%emt 0:00:05]} 31. e5+ {[%emt 0:00:20]} Qxe5 {[%emt 0:00:10]} 32. Qxa8 {[%emt 0:00:12]} 1-0

[Event "Teplice Open 2019"]
[Site "Teplice"]
[Date "2019.06.17"]
[Round "3.16"]
[White "Eden, James"]
[Black "Gumularz, Szymon"]
[Result "0-1"]
[WhiteElo "2346"]
[BlackElo "2495"]
[Annotator "ChessBase"]
[PlyCount "76"]
[EventDate "2019.06.15"]
[EventType "swiss"]
[EventCountry "CZE"]
[SourceTitle "playchess.com"]
[Source "ChessBase"]
[SourceQuality "1"]
[TimeControl "40/5400+30:1800+30"]

1. e4 {[%emt 0:00:00]} c6 {[%emt 0:00:00]} 2. d4 {[%emt 0:00:00]} d5 {[%emt 0:00:00]} 3. Nd2 {[%emt 0:00:00]} dxe4 {[%emt 0:00:00]} 4. Nxe4 {[%emt 0:00:00]} Bf5 {[%emt 0:00:00]} 5. Ng3 {[%emt 0:00:08]} Bg6 {[%emt 0:00:00]} 6. h4 {[%emt 0:00:07]} h6 {[%emt 0:00:01]} 7. Nf3 {[%emt 0:00:06]} Nd7 {[%emt 0:00:03]} 8. h5 {[%emt 0:00:41]} Bh7 {[%emt 0:00:05]} 9. Bd3 {[%emt 0:00:09]} Bxd3 {[%emt 0:00:04]} 10. Qxd3 {[%emt 0:00:07]} e6 {[%emt 0:00:03]} 11. Bf4 {[%emt 0:04:04]} Qa5+ {[%emt 0:00:08]} 12. Bd2 {[%emt 0:00:14]} Bb4 {[%emt 0:00:06]} 13. Ne4 {[%emt 0:00:13]} Ngf6 {[%emt 0:10:46]} 14. Nd6+ {[%emt 0:01:25]} Ke7 {[%emt 0:00:05]} 15. Nxb7 {[%emt 0:00:23]} Bxd2+ {[%emt 0:00:42]} 16. Nxd2 {[%emt 0:00:16]} Qb4 {[%emt 0:00:10]} 17. Qb3 {[%emt 0:02:28]} Qxd4 {[%emt 0:00:08]} 18. O-O-O {[%emt 0:05:03]} Rab8 {[%emt 0:05:56]} 19. Qa3+ {[%emt 0:21:39]} c5 {[%emt 0:00:10]} 20. Na5 {[%emt 0:00:16]} Rhc8 {[%emt 0:00:38]} 21. Ndc4 {[%emt 0:13:41]} Qxf2 {[%emt 0:03:24]} 22. Nd6 {[%emt 0:00:44]} Qf4+ {[%emt 0:12:08]} 23. Kb1 {[%emt 0:04:05]} Rc7 {[%emt 0:00:10]} 24. Nac4 {[%emt 0:07:26]} Nb6 {[%emt 0:04:58]} 25. Qb3 {[%emt 0:13:56]} Kf8 {[%emt 0:06:35]} 26. a4 {[%emt 0:04:30]} Kg8 {[%emt 0:07:39]} 27. g3 {[%emt 0:06:37]} Qg5 {[%emt 0:00:46]} 28. Rde1 {[%emt 0:00:19]} Rd8 {[%emt 0:04:55]} 29. Nb5 {[%emt 0:06:38]} Nxc4 {[%emt 0:01:36]} 30. Qxc4 {[%emt 0:00:06]} Rcd7 {[%emt 0:00:11]} 31. Qc3 {[%emt 0:00:52]} a6 {[%emt 0:03:34]} 32. Na3 {[%emt 0:00:18]} Rd4 {[%emt 0:00:12]} 33. Qa5 {[%emt 0:03:13]} R8d6 {[%emt 0:02:20]} 34. b3 {[%emt 0:00:10]} Ne4 {[%emt 0:06:49]} 35. Nc4 {[%emt 0:02:48]} Rd8 {[%emt 0:09:08]} 36. Qxa6 {[%emt 0:04:08]} Rxc4 {[%emt 0:03:02]} 37. bxc4 {[%emt 0:00:12]} Rb8+ {[%emt 0:00:05]} 38. Ka2 {[%emt 0:00:06]} Qf6 {[%emt 0:00:52]} 0-1

[Event "Teplice Open 2019"]
[Site "Teplice"]
[Date "2019.06.17"]
[Round "3.17"]
[White "Pacan-Milej, Kosma"]
[Black "Kraus, Tomas"]
[Result "1/2-1/2"]
[WhiteElo "2247"]
[BlackElo "2479"]
[Annotator "TA"]
[PlyCount "88"]
[EventDate "2019.06.15"]
[EventType "swiss"]
[EventCountry "CZE"]
[SourceTitle "playchess.com"]
[Source "ChessBase"]
[SourceQuality "1"]

{[%evp 25,88,47,54,52,32,51,44,17,114,52,59,56,83,65,54,56,138,160,567,565,743,731,706,725,650,326,300,311,320,321,288,211,207,165,393,387,367,237,237,237,237,237,237,237,237,237,237,237,225,215,204,209,209,163,163,163,156,156,156,156,156,156,156,141,156]} 1. d4 d5 2. c4 c6 3. Nf3 dxc4 4. e3 b5 5. a4 e6 6. axb5 cxb5 7. b3 Bb4+ 8. Bd2 Bxd2+ 9. Nbxd2 a5 10. bxc4 b4 11. Bd3 Nf6 12. Qc2 Bb7 13. O-O O-O 14. e4 {Hoping for e5. D11: Slav Defence: 3 Nf3 sidelines and 3...Nf6 4 e3 Bg4} h6 15. e5 Nfd7 16. Ne4 {White is slightly better.} (16. Bh7+ Kh8 17. Be4 Bxe4 18. Nxe4 Nb6 19. Nd6 a4 20. c5 b3 21. Qb2 Nd5 {0-1 (32) Rozum,I (2505)-Najer,E (2633) Yerevan 2014}) 16... Nb6 $146 (16... f6 $11 {keeps the balance.}) ({Predecessor:} 16... f6 17. exf6 Nxf6 18. Rfe1 Nxe4 19. Bxe4 Bxe4 20. Qxe4 Ra6 21. Rab1 Qc8 {0-1 (66) Van Bommel,T (1912)-Cimicki,D (2085) LSS email 2013}) 17. Qe2 ({Better is} 17. Rfb1 $16) 17... a4 $14 18. Nd6 Bc6 19. d5 $36 {[%mdl 2048] White has some pressure.} exd5 20. c5 Nc8 {[#]} (20... Nc4 $14) 21. e6 $1 $16 {[%cal Re6f7][%mdl 1024] White has strong compensation.} f6 $2 (21... Nxd6 $2 22. e7 $18) (21... f5 $16 22. Qe5 (22. Nxf5 Ne7 $16) 22... Ne7) 22. Nd4 $18 Ra7 23. N4f5 Be8 24. Qg4 Kh8 25. Nf7+ Rfxf7 26. exf7 Rxf7 27. Rfe1 Nc6 28. Nh4 {Strongly threatening Qg6!} g5 29. Qe6 N8e7 $2 {[#]} (29... Rf8) 30. Nf5 $1 Qd7 {With the idea ...Qxe6.} 31. Nd6 Rf8 {White is clearly better.} 32. Nxe8 ({Weaker is} 32. Rxa4 Qxe6 33. Rxe6 Nd8 $14) 32... Qxe6 33. Rxe6 Rxe8 34. Bb5 ({Stronger than} 34. Rxf6 Kg7 $11) ({But not} 34. Rxa4 $6 b3 $16) 34... Nd4 35. Bxe8 Nxe6 36. Rxa4 {Ra7 is the strong threat.} Nxc5 37. Rxb4 {[%mdl 4096] Endgame KRB-KNN} Kg7 38. Rb5 Kf8 39. Rxc5 Kxe8 {KR-KN} 40. Rc7 Kf7 41. Kf1 h5 42. g3 Ke6 43. Ke2 Nf5 44. Kd3 Ke5 {Accuracy: White = 74%, Black = 61%.} 1/2-1/2